000 00657cam a22002054a 4500
001 15996529
005 20241102113113.0
008 091125s2009 enka 001 0 eng
020 _a9780852976180 (pbk.)
050 0 0 _aKD1715
100 1 _aRoberts, Graham,
_d1951-
245 1 0 _aLaw relating to financial services /
_cGraham Roberts.
250 _a4th ed.
260 _aKent, United Kingdom :
_bFinancial World Pub.,
_c2001.
300 _axxii, 418 p. :
_bill. ;
_c21 cm.
500 _aIncludes index.
650 0 _aFinancial services industry
_xLaw and legislation
_zGreat Britain.
650 0 _aBanking law
_zGreat Britain.
942 _2lcc
_cBK
_e4th Ed.
_n0
999 _c553
_d553